header

Cornea and refractive atlas of clinical wisdom / (Record no. 146466)

MARC details
000 -LEADER
fixed length control field 02030nam a2200409 i 4500
001 - CONTROL NUMBER
control field ebr10805750
003 - CONTROL NUMBER IDENTIFIER
control field CaPaEBR
006 - FIXED-LENGTH DATA ELEMENTS--ADDITIONAL MATERIAL CHARACTERISTICS--GENERAL INFORMATION
fixed length control field m o d
007 - PHYSICAL DESCRIPTION FIXED FIELD--GENERAL INFORMATION
fixed length control field cr cn|||||||||
008 - FIXED-LENGTH DATA ELEMENTS--GENERAL INFORMATION
fixed length control field 101229t20112011njua ob 001 0 eng|d
020 ## - INTERNATIONAL STANDARD BOOK NUMBER
Cancelled/invalid ISBN 9781556428678 (alk. paper)
Cancelled/invalid ISBN 1556428677 (alk. paper)
International Standard Book Number 9781617116797 (e-book)
040 ## - CATALOGING SOURCE
Original cataloging agency CaPaEBR
Language of cataloging eng
Description conventions rda
-- pn
Transcribing agency CaPaEBR
035 ## - SYSTEM CONTROL NUMBER
System control number (OCoLC)874814078
050 14 - LIBRARY OF CONGRESS CALL NUMBER
Classification number RE336
Item number .C6325 2011eb
082 04 - DEWEY DECIMAL CLASSIFICATION NUMBER
Classification number 617.7/19
Edition number 22
245 00 - TITLE STATEMENT
Title Cornea and refractive atlas of clinical wisdom /
Statement of responsibility, etc edited by Samir A. Melki, MD, PhD, Mark A. Fava, MD, FRCSC.
264 #1 - PRODUCTION, PUBLICATION, DISTRIBUTION, MANUFACTURE, AND COPYRIGHT NOTICE
Place of production, publication, distribution, manufacture Thorofare, NJ :
Name of producer, publisher, distributor, manufacturer SLACK Incorporated,
Date of production, publication, distribution, manufacture, or copyright notice [2011]
Date of production, publication, distribution, manufacture, or copyright notice �2011
300 ## - PHYSICAL DESCRIPTION
Extent 1 online resource (272 pages) :
Other physical details illustrations (some color)
336 ## - CONTENT TYPE
Content type term text
Source rdacontent
337 ## - MEDIA TYPE
Media type term computer
Source rdamedia
338 ## - CARRIER TYPE
Carrier type term online resource
Source rdacarrier
504 ## - BIBLIOGRAPHY, ETC. NOTE
Bibliography, etc Includes bibliographical references and index.
505 0# - FORMATTED CONTENTS NOTE
Formatted contents note section I. Imaging and diagnostics -- section II. Ocular surface disorders -- section III. Infectious diseases -- section IV. Inflammatory diseases -- section V. Neoplasia and epithelial downgrowth -- section VI. Dystrophies and degenerations -- section VII. Refractive surgery.
588 ## - SOURCE OF DESCRIPTION NOTE
Source of description note Description based on print version record.
590 ## - LOCAL NOTE (RLIN)
Local note Electronic reproduction. Palo Alto, Calif. : ebrary, 2013. Available via World Wide Web. Access may be limited to ebrary affiliated libraries.
650 #0 - SUBJECT ADDED ENTRY--TOPICAL TERM
Topical term or geographic name as entry element Cornea
General subdivision Diseases
Form subdivision Atlases.
Topical term or geographic name as entry element Eye
General subdivision Refractive errors
Form subdivision Atlases.
655 #0 - INDEX TERM--GENRE/FORM
Genre/form data or focus term Electronic books.
700 1# - ADDED ENTRY--PERSONAL NAME
Personal name Melki, Samir A.,
Dates associated with a name 1965-
Relator code edt
Personal name Fava, Mark A.,
Dates associated with a name 1972-
Relator code edt
776 08 - ADDITIONAL PHYSICAL FORM ENTRY
Display text Print version:
Title Cornea and refractive atlas of clinical wisdom.
Place, publisher, and date of publication Thorofare, NJ : SLACK Incorporated, [2011]
Physical description xvi, 249 pages ; 29 cm
International Standard Book Number 9781556428678
Record control number (OCoLC)ocn694600468
-- (DLC)10805750
797 2# - LOCAL ADDED ENTRY--CORPORATE NAME (RLIN)
Corporate name or jurisdiction name as entry element ebrary.
856 40 - ELECTRONIC LOCATION AND ACCESS
Uniform Resource Identifier <a href="http://site.ebrary.com/lib/rucke/Doc?id=10805750">http://site.ebrary.com/lib/rucke/Doc?id=10805750</a>
Public note An electronic book accessible through the World Wide Web; click to view

No items available.

© 2026 Rongo University
Contact us: librarian | system librarian | Rongo university